| 000 | 00461cam a2200181ua 4500 | ||
|---|---|---|---|
| 020 | _c12.00 | ||
| 041 |
_aeng _h |
||
| 082 |
_a823.308 _bHAR/TE |
||
| 100 | _aHardy, Thomas. | ||
| 245 |
_aTess of the Durbevilles: A pnee woman / _cThomas hardy. _hTextual Documents |
||
| 250 |
_a1 / _b. |
||
| 260 |
_aMelbourne : _bMacMillan and Company Limited , _c1963. |
||
| 300 | _a507 ; . | ||
| 365 | _a12.00 | ||
| 504 | _a | ||
| 942 | _cBK | ||
| 999 |
_c5444 _d5444 |
||